000 00453 a2200109 4500
001 ART_57441
005 20260410161947.0
008 260409a
245 1 0 _aIncorporación del derecho a un entorno de trabajo seguro y saludable en la declaración de la OIT relativa a los principios y derechos fundamentales en el trabajo
100 1 _aVidal, Verónica
773 0 _tTemas de derecho laboral
_g- Año 8, N° 12 (dic. 2022)
_wREV27619
999 _c30059
_d30059